000 00569nam a2200205Ia 4500
003 OSt
005 20250131114327.0
008 231217s9999 xx 000 0 und d
020 _a9788131721018
040 _c0
041 _aEnglish
082 _a001.6425 AHO;78
100 _aAho, Alfred V. Lam, Monica S. Sethi, Ravi ...[et al.]
245 0 _aCompilers : principles, techniques and tools
250 _a2nd ed.
260 _c2007
_bDorling Kindersley
_aNoida
300 _axxiv, 1009
650 _aCompilers,principles,,techniques,tools
942 _cAA
_2ddc
999 _c196455
_d196455